| 000 | 01593cam a2200301 a 4500 | ||
|---|---|---|---|
| 001 | 16513699 | ||
| 003 | SISC | ||
| 005 | 20160601150339.0 | ||
| 008 | 101022s2011 mauab j 000 1 eng | ||
| 010 | _a 2010038720 | ||
| 020 | _a9780763669928 | ||
| 040 |
_aDLC _cDLC _dDLC |
||
| 042 | _apcc | ||
| 050 | 0 | 0 |
_aG 175 _b.R7 2011 |
| 082 | 0 | 0 | _a910.9 |
| 100 | 1 | _aRoss, Stewart. | |
| 245 | 1 | 0 |
_aInto the unknown : _bhow great explorers found their way by land, sea, and air / _cStewart Ross ; illustrated by Stephen Biesty. |
| 250 | _a1st U.S. ed. | ||
| 260 |
_aSomerville, Mass. : _bCandlewick Press, _c2011. |
||
| 300 |
_a[85] p. : _bcol. ill., col. maps ; _c29 cm. |
||
| 520 | _aFrom Pytheas the Greek, who sailed to the Artic Circle without a compass, to Neil Armstrong landing on the moon--here are fourteen extraordinary journeys by land, sea, and air. Each one is remarkable for the way it was made, for the technology behind it, and for the inspiration it gave to future generations. Through grippling storytelling, fantastic fold-out cross sections, detailed maps, and remarkable technical drawings--join the world's bravest explorers on some of the greatest journeys ever made! | ||
| 650 | 0 |
_aExplorers _vJuvenile literature. |
|
| 650 | 0 |
_aDiscoveries in geography _vJuvenile literature. |
|
| 700 | 1 |
_aBiesty, Stephen, _eill. |
|
| 906 |
_a7 _bcbc _corignew _d1 _eecip _f20 _gy-gencatlg |
||
| 942 |
_2lcc _cBK |
||
| 999 |
_c295000 _d295000 |
||